<?xml version="1.0" encoding="UTF-8"?>
<record
    xmlns:xsi="http://www.w3.org/2001/XMLSchema-instance"
    xsi:schemaLocation="http://www.loc.gov/MARC21/slim http://www.loc.gov/standards/marcxml/schema/MARC21slim.xsd"
    xmlns="http://www.loc.gov/MARC21/slim">

  <leader>00987nam a2200205   4500</leader>
  <controlfield tag="001">78212</controlfield>
  <controlfield tag="003">BD-RjUL</controlfield>
  <controlfield tag="005">20211209083114.0</controlfield>
  <controlfield tag="008">210812s19991420qu ||||| |||| 00| 0 ara d</controlfield>
  <datafield tag="035" ind1=" " ind2=" ">
    <subfield code="a">(BD-RjUL)78438</subfield>
  </datafield>
  <datafield tag="040" ind1=" " ind2=" ">
    <subfield code="a">BD-RjUL</subfield>
    <subfield code="b">eng</subfield>
    <subfield code="c">BD-RjUL</subfield>
  </datafield>
  <datafield tag="041" ind1=" " ind2=" ">
    <subfield code="a">ara</subfield>
  </datafield>
  <datafield tag="082" ind1=" " ind2=" ">
    <subfield code="2">23</subfield>
    <subfield code="a">720</subfield>
    <subfield code="b">TUA 1999</subfield>
  </datafield>
  <datafield tag="100" ind1=" " ind2=" ">
    <subfield code="a">Al-Tutili, Issa bin Musa bin Ahmed,A.H.); Al-Naming, Muhammad  (327-346 ;; &#x627;&#x644;&#x62A;&#x637;&#x64A;&#x644;&#x64A;&#x60C; &#x639;&#x64A;&#x633;&#x649; &#x628;&#x646; &#x645;&#x648;&#x633;&#x649; &#x628;&#x646; &#x623;&#x62D;&#x645;&#x62F;&#x60C; (327-346 &#x647;&#x640;.); &#x627;&#x644;&#x646;&#x645;&#x64A;&#x646;&#x62C;&#x60C; &#x645;&#x62D;&#x645;&#x62F;</subfield>
    <subfield code="9">247017</subfield>
  </datafield>
  <datafield tag="245" ind1=" " ind2=" ">
    <subfield code="a"> &#x627;&#x644;&#x642;&#x636;&#x627;&#x621; &#x628;&#x627;&#x644;&#x645;&#x631;&#x641;&#x642; &#x641;&#x64A; &#x627;&#x644;&#x645;&#x628;&#x627;&#x646;&#x64A; &#x648;&#x646;&#x641;&#x64A; &#x627;&#x644;&#x636;&#x631;&#x631; ;; Alqada' bialmirfaq fi almabani wanafy aldar /</subfield>
    <subfield code="c">&#x639;&#x64A;&#x633;&#x649; &#x628;&#x646; &#x645;&#x648;&#x633;&#x649; &#x628;&#x646; &#x623;&#x62D;&#x645;&#x62F; &#x627;&#x644;&#x62A;&#x637;&#x64A;&#x644;&#x64A; ; &#x627;&#x644;&#x646;&#x64A;&#x645;&#x646;&#x62C;&#x60C; &#x645;&#x62D;&#x645;&#x62F;I  ;; Essa bin Musa bin Ahmed Al-Tatili; Alniming, Muhammad </subfield>
  </datafield>
  <datafield tag="260" ind1=" " ind2=" ">
    <subfield code="a">&#x644;&#x631;&#x628;&#x627;&#x637; :.</subfield>
    <subfield code="b"> &#x627;&#x644;&#x645;&#x646;&#x638;&#x645;&#x629; &#x627;&#x644;&#x625;&#x633;&#x644;&#x627;&#x645;&#x64A;&#x629; &#x644;&#x644;&#x62A;&#x631;&#x628;&#x64A;&#x629; &#x648;&#x627;&#x644;&#x639;&#x644;&#x648;&#x645; &#x648;&#x627;&#x644;&#x62B;&#x642;&#x627;&#x641;&#x629;&#x60C; </subfield>
    <subfield code="c">1999 1420</subfield>
  </datafield>
  <datafield tag="300" ind1=" " ind2=" ">
    <subfield code="a">253 p. ;</subfield>
    <subfield code="c">26 cm</subfield>
  </datafield>
  <datafield tag="650" ind1=" " ind2=" ">
    <subfield code="a">Building</subfield>
    <subfield code="9">247018</subfield>
  </datafield>
  <datafield tag="942" ind1=" " ind2=" ">
    <subfield code="2">ddc</subfield>
    <subfield code="c">BK</subfield>
  </datafield>
  <datafield tag="999" ind1=" " ind2=" ">
    <subfield code="c">78212</subfield>
    <subfield code="d">78212</subfield>
  </datafield>
  <datafield tag="952" ind1=" " ind2=" ">
    <subfield code="0">0</subfield>
    <subfield code="1">0</subfield>
    <subfield code="2">ddc</subfield>
    <subfield code="4">0</subfield>
    <subfield code="7">1</subfield>
    <subfield code="8">NFIC</subfield>
    <subfield code="a">RUCL</subfield>
    <subfield code="b">RUCL</subfield>
    <subfield code="c">Reading</subfield>
    <subfield code="d">2000-04-17</subfield>
    <subfield code="e">issesco</subfield>
    <subfield code="l">0</subfield>
    <subfield code="o">A 720 TUA 1999</subfield>
    <subfield code="r">2021-08-12 00:00:00</subfield>
    <subfield code="t">C-1</subfield>
    <subfield code="w">2021-12-09</subfield>
    <subfield code="y">BK</subfield>
  </datafield>
</record>
